|
|
|
|
| LEADER |
01392nam a2200373 a 4500 |
| 001 |
EBC1272879 |
| 003 |
MiAaPQ |
| 005 |
20200520144314.0 |
| 006 |
m o d | |
| 007 |
cr cn||||||||| |
| 008 |
130813s2011 enk sb 001 0 eng d |
| 020 |
|
|
|z 0312234309
|
| 020 |
|
|
|z 9780415668439
|
| 020 |
|
|
|a 9780203813904 (electronic bk.)
|
| 035 |
|
|
|a (MiAaPQ)EBC1272879
|
| 035 |
|
|
|a (Au-PeEL)EBL1272879
|
| 035 |
|
|
|a (CaPaEBR)ebr10729796
|
| 035 |
|
|
|a (CaONFJC)MIL503949
|
| 035 |
|
|
|a (OCoLC)852758709
|
| 040 |
|
|
|a MiAaPQ
|c MiAaPQ
|d MiAaPQ
|
| 050 |
|
4 |
|a HB98.2
|b .R45 2011
|
| 082 |
0 |
4 |
|a 330.155
|2 23
|
| 100 |
1 |
|
|a Reisman, David.
|
| 245 |
1 |
4 |
|a The economics of Alfred Marshall
|h [electronic resource] /
|c David Reisman ; foreword by G.L.S. Shackle.
|
| 260 |
|
|
|a Abingdon [England] ;
|a New York :
|b Routledge,
|c 2011.
|
| 300 |
|
|
|a ix, 433 p.
|
| 440 |
|
0 |
|a Routledge revivals
|
| 500 |
|
|
|a "First published in 1986 by St. Martin's Press"--T.p. verso.
|
| 504 |
|
|
|a Includes bibliographical references and index.
|
| 533 |
|
|
|a Electronic reproduction. Ann Arbor, MI : ProQuest, 2015. Available via World Wide Web. Access may be limited to ProQuest affiliated libraries.
|
| 650 |
|
0 |
|a Neoclassical school of economics.
|
| 655 |
|
4 |
|a Electronic books.
|
| 710 |
2 |
|
|a ProQuest (Firm)
|
| 856 |
4 |
0 |
|u https://ebookcentral.proquest.com/lib/matrademy/detail.action?docID=1272879
|z Click to View
|